Izolace a zmrazování spermatogonií a oogonií jeseterů pro účely uchování genetických zdrojů /

Další autoři: Pšenička, Martin, 1981-
Jazyk: Čeština
Vydáno: Vodňany : Jihočeská univerzita v Českých Budějovicích, Fakulta rybářství a ochrany vod, 2012
Vydání: 1. vyd.
Edice: Edice metodik ; Technologická řada 129.
Témata:
Fyzický popis: 22 s. : barev. il. ; 21 cm
Knihy
Uloženo v:
LEADER 01981nam a2200529 a 4500
001 nkc20132497971
003 CZ PrNK
005 20140211103752.0
007 ta
008 130911s2012 xr a e f 000 0 cze
015 |a cnb002497971 
020 |a 978-80-87437-68-1  |q (brož.) 
035 |a (OCoLC)872337774 
040 |a OLA001  |b cze 
072 7 |a 639.2/.6  |x Rybářství  |2 Konspekt  |9 24 
080 |a 591.463.1+591.465.1  |2 MRF 
080 |a 597.423  |2 MRF 
080 |a 639.3.03  |2 MRF 
080 |a 57.086.13  |2 MRF 
080 |a 575.113:592/599  |2 MRF 
080 |a (072)  |2 MRF 
245 0 0 |a Izolace a zmrazování spermatogonií a oogonií jeseterů pro účely uchování genetických zdrojů /  |c M. Pšenička ... [et al.] 
250 |a 1. vyd. 
260 |a Vodňany :  |b Jihočeská univerzita v Českých Budějovicích, Fakulta rybářství a ochrany vod,  |c 2012 
300 |a 22 s. :  |b barev. il. ;  |c 21 cm 
490 1 |a Edice metodik ;  |v 129.  |a Technologická řada 
500 |a 200 výt. 
504 |a Obsahuje bibliografii 
650 0 7 |a jeseteři  |7 ph249405  |2 czenas 
650 0 7 |a pohlavní buňky  |7 ph423156  |2 czenas 
650 0 7 |a kryotechnika (biologie)  |7 ph167627  |2 czenas 
650 0 7 |a genetické zdroje  |7 ph268188  |2 czenas 
650 0 7 |a rozmnožování ryb  |7 ph145186  |2 czenas 
650 0 9 |a germ cells  |2 eczenas 
650 0 9 |a Acipenseriformes  |2 eczenas 
650 0 9 |a cryotechnique (biology)  |2 eczenas 
650 0 9 |a genetic resources  |2 eczenas 
650 0 9 |a fish reproduction  |2 eczenas 
655 7 |a metodické příručky  |7 fd132826  |2 czenas 
655 9 |a methodological manuals  |2 eczenas 
700 1 |a Pšenička, Martin,  |d 1981-  |7 mzk2009534907  |4 aut 
810 2 |a Jihočeská univerzita.  |b Fakulta rybářství a ochrany vod.  |t Metodiky.  |p Technologická řada  |0 s 
910 2 |a BOA001  |b 2-1316.439 
990 |a BK 
995 |a 01 
991 |b 201401  |e n 
996 6 |b 2610576162  |c 2-1316.439  |l MZK  |r Sklad / do 1 hodiny  |n 1  |p p.v.  |w 001393419  |u 000010  |a 1  |e BOA001  |j MZK50  |s P